000 00568nam a2200169Ia 4500
005 20250923144744.0
008 008 250917s9999 xx 000 0 eng d
037 _aTextual
040 _aDSWL
_beng
_cDSWL
041 _aeng
_2eng
084 _aY217.245'N60t4, N61
_qDSWL
100 _aGupta, Suresh Kumar
_9828079
245 0 _aStudy of "Rit" marriage in 20 villages of Tehsil
_cby Suresh Kumar Gupta
260 _aDelhi
_bDelhi Delhi School of Social Work
_c1961
942 _cTEXL
_hY217.245'N60t4, N61
999 _c1442954
_d1442954